• 首页
  • 本馆介绍
  • 公告通知
  • 最新文献
  • 馆藏检索
  • 电子资源
  • 读者导购
  • 参考咨询
  • 我的图书馆
  • 登录
  • 详细信息显示
  • 放入我的书架
  • 预约/预借图书
  • 作者相关作品
  • 分类相关作品
  • 丛书相关作品
  • 出版社相关作品

书目信息

  • 表格格式
  • 工作单格式
  • 卡片格式
题名:
卓别林
    
 
作者: 张式成 编著
分册:  
出版信息: 沈阳   辽海出版社  1998
页数: 242页
开本: 20cm
丛书名: 布老虎传记文库
单 册:
中图分类: K835.615.7
科图分类: 26.151165
主题词:
电子资源:
ISBN: 7-80638-913-X
000 00835nam2 2200289 45
001 0199004651
005 20060928082139.49
009 0199004651
010    @a7-80638-913-X@dCNY16.50
100    @a19990120d1998 am y0chiy0121 ea
101 0  @achi
102    @aCN@b210000
105    @ac z 000yb
200 10 @a卓别林@Azhuo bie lin@f张式成编著@Fzhang shi cheng bian zhu
210    @a沈阳@c辽海出版社@d1998
215    @a242页@c肖像@d20cm
225 2  @a布老虎传记文库@i巨人百传丛书@i文学艺术家卷
300    @a由中国·中外传记文学研究会供稿
410  0 @120010@a布老虎传记文库
410  0 @120010@a巨人百传丛书
600  1 @a卓别林@bC.@x传记
690    @aK835.615.7@v3
692    @a26.151165@v2
701  0 @a张式成@Azhang shi cheng@4编著
801  0 @aCN@bNLC@c20060928
905    @aBZT@dK835.615.7@e1
906    @d12.90@n0@r1
    
    卓别林/张式成编著.-沈阳:辽海出版社,1998
    242页:肖像;20cm.-(布老虎传记文库.巨人百传丛书.文学艺术家卷)
    由中国·中外传记文学研究会供稿
    
    ISBN 7-80638-913-X:CNY16.50
    
●
相关链接 在五车中查询图书 在当当中查询图书 在豆瓣中查询图书


正题名:卓别林     索取号:K835.615.7/1         预约/预借

序号 登录号 条形码 馆藏地/架位号 状态 备注
1 394596   210240844   中心书库南/016架A面7层2列/ [索取号:K835.615.7/1] 在馆    
2 394597   210240817   中心书库南/016架A面7层2列/ [索取号:K835.615.7/1] 在馆    
3 394598   210240826   中心书库南/016架A面7层2列/ [索取号:K835.615.7/1] 在馆    
4 394599   210240791   中心书库南/016架A面7层2列/ [索取号:K835.615.7/1] 在馆    
5 394600   210240808   中心书库南/016架A面7层2列/ [索取号:K835.615.7/1] 在馆    
6 394601   210240773   中心书库南/016架A面7层2列/ [索取号:K835.615.7/1] 在馆    
7 394602   210240782   中心书库南/016架A面7层2列/ [索取号:K835.615.7/1] 在馆    
8 394603   210240755   中心书库南/016架A面7层2列/ [索取号:K835.615.7/1] 在馆    
9 394604   210240764   中心书库南/016架A面7层2列/ [索取号:K835.615.7/1] 在馆    
10 394605   210240737   中心书库南/016架A面7层2列/ [索取号:K835.615.7/1] 在馆    
11 472619   230055878   中心书库南/016架A面7层2列/ [索取号:K835.615.7/1] 在馆    
12 472620   230055882   中心书库南/016架A面7层2列/ [索取号:K835.615.7/1] 在馆    
13 472621   230055881   中心书库南/016架A面7层2列/ [索取号:K835.615.7/1] 在馆    
14 472622   230055880   中心书库南/016架A面7层2列/ [索取号:K835.615.7/1] 在馆    
15 472623   230055879   中心书库南/016架A面7层2列/ [索取号:K835.615.7/1] 在馆    
山东省滨州职业学院图书馆 欢迎您!
大连网信软件有限公司© 版权所有